Normal view
MARC view
Entry Personal Name
001 - CONTROL NUMBER
- control field: 39126
003 - CONTROL NUMBER IDENTIFIER
- control field: OSt
005 - DATE AND TIME OF LATEST TRANSACTION
- control field: 20230627161917.0
008 - FIXED-LENGTH DATA ELEMENTS
- fixed length control field: 230627|| aca||aabn | a|a d
040 ## - CATALOGING SOURCE
- Original cataloging agency: OSt
- Transcribing agency: OSt
100 ## - HEADING--PERSONAL NAME
- Personal name: Melstrom, Richard T. et al
670 ## - SOURCE DATA FOUND
- Source citation: Work cat.: (OSt)522262: Melstrom, Richard T. et al , Who benefits from Brownfield cleanup and gentrification? Evidence from Chicago
